Loading...
| Beliefs | 0 | 2 | 0 | 1 | 20 | 129 | 139.00 | 0 | 2 |
| Fine Arts - Other Arts | 0 | 2 | 0 | 1 | 20 | 127 | 134.00 | 0 | 1 |
| Social Science | 0 | 2 | 0 | 2 | 20 | 111 | 116.50 | 0 | 0 |
| History - American History | 0 | 1 | 0 | 0 | 10 | 109 | 109.00 | 0 | 1 |
| Science - Biology | 0 | 1 | 0 | 1 | 10 | 122 | 122.00 | 0 | 1 |
| Current Events | 0 | 1 | 0 | 0 | 10 | 70 | 70.00 | 1 | 1 |
| Geography | 0 | 1 | 0 | 0 | 10 | 71 | 71.00 | 0 | 1 |
| Science - Other Science | 0 | 1 | 0 | 0 | 10 | 79 | 79.00 | 1 | 1 |
| Literature - British Literature | 0 | 1 | 0 | 0 | 10 | 123 | 123.00 | 0 | 1 |
| Science - Chemistry | 0 | 1 | 0 | 0 | 10 | 118 | 118.00 | 0 | 0 |
| History - European History | 0 | 1 | 1 | 0 | 5 | 72 | 72.00 | 0 | 1 |
| Literature - European Literature | 0 | 1 | 1 | 0 | 5 | 130 | 130.00 | 0 | 1 |
| Philosophy | 0 | 1 | 1 | 0 | 5 | 120 | 120.00 | 0 | 1 |
| Literature - American Literature | 0 | 0 | 1 | 0 | -5 | 0.00 | 0 | 0 | |
| Auditory Arts | 0 | 0 | 2 | 0 | -10 | 0.00 | 0 | 0 | |
| History - Ancient History | 0 | 0 | 2 | 0 | -10 | 0.00 | 0 | 0 |